000 00527nam a22001457a 4500
082 _a620.005
100 _aRashid, Saima
245 _aRole of Tablet PC to Facilitate Successful Implementation of HMIS Healthcare Organization of Pakistan /
_cSaima Rashid.
260 _aIslamabad:
_bCEME - NUST,
_c2013.
300 _a94 p. :
_bill. ;
_c30cm.
650 _aEngineering Management MS-Ph. D-Thesis,
_931605
700 _aDr. Akhtar Nawaz Malik
_916099
942 _2ddc
_cTHE
999 _c536443
_d536443